| 000 | 01091cam a2200313 a 4500 | ||
|---|---|---|---|
| 001 | 1634872 | ||
| 003 | OSt | ||
| 005 | 20140310182243.0 | ||
| 008 | 960531s1996 nyu 000 1 eng | ||
| 010 | _a 96023434 | ||
| 020 | _a055309128X | ||
| 040 |
_aDLC _cDLC _dDLC _dOCoLC _dDLC |
||
| 043 | _ae-ur--- | ||
| 050 | 0 | 0 |
_aPR 6056.O699 _b.F735 1996 |
| 082 | 0 | 0 |
_aFIC _bF77i 1996 |
| 100 | 1 |
_aForsyth, Frederick, _d1938- _919244 |
|
| 245 | 1 | 0 |
_aIcon / _cFrederick Forsyth. |
| 260 |
_aNew York : _bBantam Books, _c1996. |
||
| 300 |
_ax, 464 p. ; _c25 cm. |
||
| 650 |
_a. Novel _xFiction _919245 |
||
| 651 | 0 |
_aMoscow (Russia) _xFiction. _919246 |
|
| 655 | 7 |
_aSpy stories. _2gsafd _94765 |
|
| 856 | 4 | 1 |
_3Sample text _uhttp://www.loc.gov/catdir/samples/random043/96023434.html |
| 856 | 4 | 2 |
_3Publisher description _uhttp://www.loc.gov/catdir/description/random049/96023434.html |
| 906 |
_a7 _bcbc _corignew _d1 _eocip _f19 _gy-gencatlg |
||
| 942 |
_2lcc _cBK-FIC _kFIC |
||
| 999 |
_c11190 _d11190 |
||